TEXTBOOK OF PHYSIOLOGY [VOL-1] (Record no. 7855)

MARC details
000 -LEADER
fixed length control field 00458nam a22001817a 4500
005 - DATE AND TIME OF LATEST TRANSACTION
control field 20251204143448.0
008 - FIXED-LENGTH DATA ELEMENTS--GENERAL INFORMATION
fixed length control field 220120b ||||| |||| 00| 0 eng d
020 ## - INTERNATIONAL STANDARD BOOK NUMBER
ISBN 978-81-7739-575-4
041 ## - LANGUAGE CODE
Language code of text/sound track or separate title eng
082 ## - DEWEY DECIMAL CLASSIFICATION NUMBER
Classification number 612 JAI-T
100 ## - MAIN ENTRY--AUTHOR NAME
Personal name JAIN.A.K.
245 ## - TITLE STATEMENT
Title TEXTBOOK OF PHYSIOLOGY [VOL-1]
250 ## - EDITION STATEMENT
Edition statement 9TH ED.
260 ## - PUBLICATION, DISTRIBUTION, ETC. (IMPRINT)
Place of publication NEW DELHI
Name of publisher AVICHAL PUBLISHING COMPANY
300 ## - PHYSICAL DESCRIPTION
Number of Pages 560;p
650 ## - SUBJECT ADDED ENTRY--TOPICAL TERM
Topical Term BPT/PARAMEDICAL
General subdivision BMIRT
942 ## - ADDED ENTRY ELEMENTS (KOHA)
Koha item type Books
Holdings
Lost status Damaged status Collection code Home library Current library Shelving location Date acquired Source of acquisition Cost, normal purchase price Full call number Accession Number Koha item type Serial Enumeration / chronology
    PHYSIOTHERAPY JRU Library JRU Library SHELF-28-B 20/01/2022 PURCHASE 1950.00 612 25936 Books  
    PHYSIOTHERAPY JRU Library JRU Library SHELF-28-B 20/01/2022 PURCHASE 1950.00 612 25937 Books  
    Reference JRU Library JRU Library SHELF- 8 - C 20/01/2022 PURCHASE 1950.00 612 25938 Books  
    PHYSIOTHERAPY JRU Library JRU Library Shelf - 25- B 20/01/2022 PURCHASE 1950.00 612 25939 Books  
    PHYSIOTHERAPY JRU Library JRU Library SHELF-28-B 20/01/2022 PURCHASE 1950.00 612 25940 Books  
    PARAMEDICAL JRU Library JRU Library SHELF-105-C 01/12/2025 PURCHASE 2095.00 612 29137 Books LBI-000811/28-11-2025
    PARAMEDICAL JRU Library JRU Library   01/12/2025 PURCHASE 2095.00 612 29138 Books LBI-000811/28-11-2025
    PARAMEDICAL JRU Library JRU Library   01/12/2025 PURCHASE 2095.00 612 29139 Books LBI-000811/28-11-2025
    PARAMEDICAL JRU Library JRU Library SHELF-105-C 01/12/2025 PURCHASE 2095.00 612 29140 Books LBI-000811/28-11-2025
    PARAMEDICAL JRU Library JRU Library SHELF-105-C 01/12/2025 PURCHASE 2095.00 612 29141 Books LBI-000811/28-11-2025